| 000 | 00602nam a22002057a 4500 | ||
|---|---|---|---|
| 003 | BDDh-ASL | ||
| 005 | 20231015031012.0 | ||
| 008 | 220914n ii ||||| |||| 00| 0 urd d | ||
| 040 |
_aBDDh-ASL _cBDDh-ASL |
||
| 041 | _aurd | ||
| 082 |
_a297.122 _bTHJ |
||
| 100 | 1 |
_96472 _aThanvi, Ashraf Ali |
|
| 245 | 1 | 0 | _aJamalul Quran : / جمال القرآن |
| 246 | _aHariqul Ashrar : / حارق الاشرار | ||
| 246 | _aJawabat Mahzurat : / جوابات محذورات | ||
| 260 |
_aDelhi : _bKhutubkhana Ashrafiya , |
||
| 300 |
_a32 p. : _c23 cm. |
||
| 650 | 0 |
_91854 _aQuran |
|
| 942 |
_2ddc _cBK |
||
| 999 |
_c29167 _d29167 |
||